[Event "Arber Seniors op 6th"]
[Site "Bayerisch Eisenstein"]
[Date "2018.08.03"]
[Round "7"]
[White "Thonig, Manfred"]
[Black "Krejci, Zdenek"]
[Result "1-0"]
[WhiteElo "1635"]
[BlackElo "1520"]
[PlyCount "125"]
[EventDate "2018.07.28"]
[EventType "swiss"]
[EventRounds "9"]
[EventCountry "GER"]
[SourceTitle "CBM 185 Extra"]
[Source "ChessBase"]
[SourceDate "2018.07.29"]
[SourceVersion "1"]
[SourceVersionDate "2018.07.29"]
[SourceQuality "1"]

1. d4 d5 2. c4 dxc4 3. Nf3 Nc6 4. e3 e6 5. Bxc4 Nf6 6. 0-0 Bd6 7. Nc3 0-0 8. e4 e5 9. d5 Nd4 10. Nxd4 exd4 11. Qxd4 Be5 12. Qd3 Bxc3 13. bxc3 Qd6 14. f4 Qe7 15. e5 Ng4 16. g3 Qc5+ 17. Qd4 Qe7 18. a4 Re8 19. Ba3 Qd7 20. Bb3 Qf5 21. Rac1 Qh5 22. h4 Nh6 23. Bd1 Bg4 24. Bb2 Nf5 25. Qf2 Qg6 26. Kh2 Rad8 27. c4 h5 28. Bc2 b6 29. Rfe1 Qh6 30. Be4 a6 31. Bf3 Qg6 32. Qe2 Nxg3 33. Qg2 Nf5 34. Bxg4 hxg4 35. Rg1 Ne3 36. Qg3 Qh5 37. Qxe3 Qxh4+ 38. Kg2 f5 39. Rh1 Qe7 40. Ba3 Qd7 41. Qg3 Qxa4 42. Rc3 c5 43. Qh4 Qd7 44. Qh7+ Kf7 45. e6+ Rxe6 46. dxe6+ Qxe6 47. Qh5+ g6 48. Qh7+ Kf6 49. Qh4+ Kf7 50. Qe1 Qc6+ 51. Kg1 Qd6 52. Rh7+ Kg8 53. Re7 Qd4+ 54. Rce3 Kf8 55. Bb2 Qxb2 56. Re8+ Rxe8 57. Rxe8+ Kg7 58. Qe7+ Kh6 59. Qg5+ Kg7 60. Qe7+ Kh6 61. Qh4+ Kg7 62. Qh8+ Kf7 63. Qf8# 1-0